| 000 | 00554nam a2200205 a 4500 | ||
|---|---|---|---|
| 005 | 20210219153516.0 | ||
| 008 | 991125n 000 0 u | ||
| 035 | _aUPN01000103983 | ||
| 100 | _aBREHM CARTENSEN, Luis Fernando | ||
| 222 | _aREVISTA DE LA EDUCACION SUPERIOR | ||
| 245 | _aUniversidades, empresa y utopĂa | ||
| 300 | _a61-82 | ||
| 362 | _a1986, Vol. 15, no. 1(57) (ene.-mar.) | ||
| 653 | 0 | _aEDUCACION SUPERIOR | |
| 653 | 0 | _aEMPRESA | |
| 653 | 0 | _aSOCIEDAD | |
| 653 | 0 | _aUNIVERSIDADES | |
| 904 |
_aAC _b041794 |
||
| 905 | _aArticulo | ||
| 999 |
_c78775 _d78775 |
||